Beste Spieler bei der FIFA Weltmeisterschaft - Statistiken

Allgemein
  • Dieses Quiz wurde 731 mal gespielt
  • Das Durchschnittsergebnis liegt bei 18 aus 63
Antwortstatistiken
Jahre Bester Spieler % Korrekt
2014 Bester Lionel Messi
94%
1998 Bester Ronaldo
94%
2. Ronaldo
94%
3. Gerd Müller
86%
2. Thomas Müller
85%
2018 Bester Luka Modrić
80%
1970 Bester Pelé
74%
2. Pelé
74%
2002 Bester Oliver Kahn
70%
2006 Bester Zinedine Zidane
70%
1986 Bester Diego Maradona
63%
3 Diego Maradona
63%
2. Franz Beckenbauer
59%
3. Antoine Griezmann
58%
2. Lothar Matthäus
55%
1954 Bester Ferenc Puskás
42%
3. Arjen Robben
40%
1974 Bester Johan Cruyff
40%
3. David Villa
39%
2. Fabio Cannavaro
39%
2010 Bester Diego Forlán
35%
3. Fritz Walter
32%
2. Roberto Baggio
31%
1994 Bester Romário
28%
3. Karl-Heinz Rummenigge
27%
1962 Bester Garrincha
25%
3. Eusébio
23%
1966 Bester Bobby Charlton
22%
3. Andrea Pirlo
21%
1982 Bester Paolo Rossi
21%
2. Paolo Rossi
21%
2. Eden Hazard
18%
2. Wesley Sneijder
18%
1978 Bester Mario Kempes
17%
3. Just Fontaine
15%
2. Bobby Moore
14%
2. Davor Šuker
12%
3. Hristo Stoichkov
11%
1990 Bester Salvatore Schillaci
10%
3. Lilian Thuram
9%
2. Harald Schumacher
7%
2. Sandór Kocsis
7%
1958 Bester Didi
6%
2. Guillermo Stábile
5%
3. Ademir
4%
3. Kazimierz Deyna
4%
2. Falcão
2%
2. Josef Masopust
2%
3. José Leandro Andrade
2%
3. Leonel Sánchez
2%
1938 Bester Leônidas
2%
3. Oldřich Nejedlý
2%
2. Silvio Piola
2%
3. Dirceu
1%
2. Gérson
1%
3. György Sárosi
1%
3. Hong Myung-bo
1%
2. Juan Alberto Schiaffino
1%
2. Matthias Sindelar
1%
3. Preben Elkjær Larsen
1%
1934 Bester Giuseppe Meazza
0%
1930 Bester José Nasazzi
0%
1950 Bester Zizinho
0%
Keine übereinstimmenden Quizze gefunden
Verteilung der Resultate
Anzahl Personen mit jedem Resultat
Perzentil nach korrekt beantworteten Fragen
Ihre Resultats-Entwicklung
Sie haben dieses Quiz noch nicht gespielt